Essential mathematics for economists

Αποθηκεύτηκε σε:
Λεπτομέρειες βιβλιογραφικής εγγραφής
Κύριος συγγραφέας: Black, John 1931-
Άλλοι συγγραφείς: Bradley, J. F. (James F.)
Μορφή: Βιβλίο
Γλώσσα:English
Δημοσίευση: Chichester : John Wiley, 1980
Έκδοση:2nd ed.
Θέματα:
Ετικέτες: Προσθήκη ετικέτας
Δεν υπάρχουν, Καταχωρήστε ετικέτα πρώτοι!

MARC

LEADER 00000nam a2200000 i 4500
001 1/59069
008 940705s1980 eng d
020 |a 0471276596 
035 |l 10028476 
040 |a GR-MY-UA  |b gre  |e aacr 
041 0 |a eng 
082 0 |a 510.2433 
100 1 |a Black, John  |d 1931-. 
245 1 0 |a Essential mathematics for economists 
250 |a 2nd ed. 
260 |a Chichester :   |b John Wiley,   |c 1980 
300 |a 316 σ. 
650 0 0 |a Economics, Mathematical. 
700 1 |a Bradley, J. F.  |q (James F.) 
852 |a INST  |b CHIOS  |e 19940705  |h 510.2433 BLA  |p 005200006395  |q 005200006395  |t BK  |y 0 
909 |a Χ  |b 005434